000
00255nam a22001217a 4500
008
171226b xxu||||| |||| 00| 0 eng d
041
_a
eng
080
_a
611
100
_a
7
101
_a
ANA
245
_a
CLINICAL ANATOMY
_c
GOLDBERG,S
942
_2
udc
_c
BK
999
_c
39366
_d
39366